Oceľový ostrov - Revitalizácia ropnej plošiny, Študentska súťaž YAC 2024
Gespeichert in:
| 1. Verfasser: | |
|---|---|
| Weitere Verfasser: | |
| Format: | Manuskript Buch |
| Sprache: | Slowakisch |
| Veröffentlicht: |
2024
|
| Schlagworte: | |
| Online-Zugang: | http://is.stuba.sk/zp/portal_zp.pl?podrobnosti=170119 |
| Tags: |
Keine Tags, Fügen Sie das erste Tag hinzu!
|
MARC
| LEADER | 00000ntm a22000003a 4500 | ||
|---|---|---|---|
| 001 | stuzp99476 | ||
| 003 | SK-STU | ||
| 005 | 20240608213044.4 | ||
| 007 | ta | ||
| 008 | 150427s2015----xo-----f-mn---000-0-slo-d | ||
| 040 | |a STU |b slo | ||
| 041 | 0 | |a slo | |
| 100 | 1 | |a Kostolanská, Silvia |u 058180 |4 aut |U FAD Fakulta architektúry a dizajnu |T FAD Ústav architektúry občianskych budov |X 93260 |U A8180 |Y 399 |7 93260 | |
| 242 | 0 | 1 | |a Iron Island - Oil Rig Revitalisation, Student's Competition YAC 2024 |y eng |
| 245 | 1 | 0 | |a Oceľový ostrov - Revitalizácia ropnej plošiny, Študentska súťaž YAC 2024 |
| 260 | |c 2024 | ||
| 650 | 4 | |a akvakultúrna prevádzka |2 slo | |
| 650 | 4 | |a oceľový ostrov |2 slo | |
| 650 | 4 | |a revitalizácia |2 slo | |
| 650 | 4 | |a ropná plošina |2 slo | |
| 650 | 4 | |a oil rig |2 eng | |
| 650 | 4 | |a revitalisation |2 eng | |
| 650 | 4 | |a iron island |2 eng | |
| 650 | 4 | |a aquaculture facility |2 eng | |
| 700 | 1 | |a Boroš, Andrej |4 ths |X 15526 |7 A000015526 | |
| 856 | 4 | |u http://is.stuba.sk/zp/portal_zp.pl?podrobnosti=170119 | |